000 00508cam a2200205ua 4500
020 _c300.00
041 _aeng
_h
082 _a519.506354
_bASH/AG
100 _aAsha, Chaddha .
245 _aAgricultural statistics in India /
_cAsha Chaddha.
_hTextual Documents
250 _a1 /
_b.
260 _aNew Delhi :
_bCommonwealth Publishers ,
_c1990.
300 _a243 ; .
365 _a300.00
500 _a*CSS
504 _a
942 _cBK
999 _c10496
_d10496